000 00532 a2200157 4500
999 _c329867
_d329867
003 NUST
005 20170622114046.0
008 170526b xxu||||| |||| 00| 0 eng d
020 _a9694962609
040 _cNUST
082 _a891.4391
_bMAS
100 _aAnwar, Masood
_91453
245 _aMaila Akhian Da
_cAnwar, Masood
260 _aLahore
_bDost Publicaitons
_c2011
300 _a111 p.
_c22 cm.
500 _aPoetry
546 _aIn Urdu
650 _a1. Punjabi Adab.
_91454
880 _aمیلہ اکھیاں دا
_6245-02\(3\r
_cانور مسعود
880 _aانور مسعود
_6100-01\(3\r
880 _aاسلام آباد:
_6260-03\(3\r
_bدوست پبلی کیشنز،
_c2011
942 _cBK
_2ddc